Devinez la voiture VGT - Statistiques

Statistiques générales
  • Ce quiz a été pris 39 fois
  • Le résultat moyen est 18 sur 28
Statistiques - réponses
Par images Réponse % Correct
Audi E-Tron VGT
97%
Mazda VGT
97%
Bugatti VGT
93%
BMW VGT
90%
Lamborghini VGT
90%
Mercedes VGT
83%
Hyundai N 2025 VGT
80%
Jaguar VGT SV
80%
Nissan Concept 2020 VGT
80%
Peugeot VGT
80%
Toyota VGT
77%
Alpine VGT Race Mod
73%
Lexus VGT
73%
Suzuki VGT
73%
Aston Martin VGT
70%
Dodge SRT Tomahawk X VGT
70%
Infiniti CONCEPT VGT
70%
Volkswagen Roadster VGT
70%
Porsche VGT
67%
Ferrari VGT
63%
Honda VGT
53%
Skoda VGT
40%
Daihatsu COPEN RJ VGT
30%
Genesis VGT
23%
MacLaren VGT
23%
Chaparral 2X VGT
20%
Zagato VGT
17%
BVLGARI Aluminium VGT
10%
Aucun quiz correspondant
Distribution des résultats
% des personnes avec chaque résultat
Percentile par nombre de réponses
Votre historique - résultats
Vous n’avez pas pris ce quiz